Álbum cervantino aragonés de los trabajos literarios y artísticos con que se ha celebrado en Zaragoza y Pedrola el III Centenario de la edición príncipe del Quijote / (Record no. 21555)

MARC details
000 -LEADER
campo de control de longitud fija 01131nam a2200229 i 4500
001 - NÚMERO DE CONTROL
campo de control 21555
003 - IDENTIFICADOR DE NÚMERO DE CONTROL
campo de control ES-MaACL
005 - FECHA Y HORA DE LA ÚLTIMA TRANSACCIÓN
campo de control 20250713041031.0
007 - CAMPO FIJO DE DESCRIPCIÓN FÍSICA--INFORMACIÓN GENERAL
campo de control de longitud fija t|
008 - DATOS DE LONGITUD FIJA--INFORMACIÓN GENERAL
campo de control de longitud fija 021126s1905 sp af |||| | spa d
245 00 - MENCIÓN DEL TÍTULO
Título Álbum cervantino aragonés de los trabajos literarios y artísticos con que se ha celebrado en Zaragoza y Pedrola el III Centenario de la edición príncipe del Quijote /
Mención de responsabilidad, etc. publícalo la Excma. Sra. Duquesa de Villahermosa ; [prólogo de José Ramón Mélida].
260 ## - PUBLICACIÓN, DISTRIBUCIÓN, ETC.
Lugar de publicación, distribución, etc. Madrid :
Nombre del editor, distribuidor, etc. [s.n.],
Fecha de publicación, distribución, etc. 1905 (
Fabricante Viuda e Hijos de M. Tello)
300 ## - DESCRIPCIÓN FÍSICA
Extensión XV, 224 p., XXVII h. de lám. :
Otras características físicas il. ;
Dimensiones 32 cm.
530 ## - NOTA DISPONIBLE DE FORMULARIO FÍSICO ADICIONAL
Nota de formato físico adicional disponible Disponible en formato digital.
600 14 - PUNTO DE ACCESO ADICIONAL DE MATERIA--NOMBRE DE PERSONA
Nombre de persona Cervantes Saavedra, Miguel de,
Fechas asociadas al nombre 1547-1616.
Título de la obra Don Quijote de la Mancha-
Subdivisión de forma Aniversarios y centenarios
9 (RLIN) 37614
700 1# - ENTRADA AGREGADA--NOMBRE PERSONAL
Nombre de persona Villahermosa, María del Carmen Aragón,
Títulos y otros términos asociados al nombre Duquesa de,
Fechas asociadas al nombre 1841-1905
9 (RLIN) 159352
700 1# - ENTRADA AGREGADA--NOMBRE PERSONAL
Nombre de persona Mélida y Alinari, José Ramón,
Fechas asociadas al nombre 1856-1933
9 (RLIN) 79969
852 ## - LOCALIZACIÓN
Ubicación ES-MaACL
Número de control de estantería B-1143
Ubicación en estantería Sala Pardo Bazán
856 ## - LOCALIZACIÓN Y ACCESO ELECTRÓNICOS
Identificador Uniforme de Recursos <a href="http://bdh-rd.bne.es/viewer.vm?id=0000092179&page=1 ">http://bdh-rd.bne.es/viewer.vm?id=0000092179&page=1 </a>
Texto de enlace Biblioteca Digital Hispánica
942 ## - ELEMENTOS DE ENTRADA SECUNDARIOS (KOHA)
Fuente del sistema de clasificación o colocación Clasificación decimal universal
Holdings
Estatus retirado Estado de pérdida Estado de daño No para préstamo Colección Biblioteca de origen Biblioteca actual Ubicación en estantería Fecha de adquisición Fuente de adquisición Total de préstamos Signatura topográfica completa Código de barras Visto por última vez Precio de reemplazo Tipo de ítem Koha
        Colección digital Biblioteca del Ateneo de Madrid Biblioteca del Ateneo de Madrid Sala Pardo Bazán 17/01/2008     B-1143 1022153 23/02/2023 23/02/2023 Libro impreso